[Event "CECLUB Finals"]
[Site "Calvia ESP"]
[Date "2007.10.21"]
[Round "2"]
[White "Khamrakulov, I."]
[Black "Cheparinov, I."]
[Result "0-1"]
[WhiteElo "2604"]
[BlackElo "2670"]
[PlyCount "56"]
[EventDate "2007.10.20"]
[Source "www.chesslib.no"]
[SourceDate "2004.05.04"]

1. e4 c6 2. d4 d5 3. exd5 cxd5 4. c4 Nf6 5. Nc3 Nc6 6. Nf3 Bg4 7. cxd5 Nxd5 8. Qb3 Bxf3 9. gxf3 Nb6 10. Be3 e6 11. O-O-O Be7 12. d5 exd5 13. Bxb6 axb6 14. Qxd5 O-O 15. Qe4 Qc8 16. Bd3 Qh3 17. Kb1 Bc5 18. Qf4 Bxf2 19. Nd5 Bd4 20. Bf5 Qg2 21. Bc2 Rxa2 22. Ne7+ Kh8 23. Qe4 Rxb2+ 24. Kc1 Rxc2+ 25. Qxc2 Qg5+ 26. Kb1 Qxe7 27. Qb3 Ra8 28. Rhe1 Qc5 0-1

[Event "Amsterdam m1"]
[Site "?"]
[Date "1992.05.??"]
[Round "5"]
[White "Anand Viswanathan"]
[Black "Seirawan Yasser"]
[Result "1-0"]
[WhiteElo "2670"]
[BlackElo "2600"]
[PlyCount "79"]
[EventDate "1992.??.??"]
[Source "www.chesslib.no"]
[SourceDate "2004.05.04"]

1. e4 c6 2. d4 d5 3. exd5 cxd5 4. c4 Nf6 5. Nc3 Nc6 6. Bg5 dxc4 7. d5 Ne5 8. Qd4 h6 9. Bf4 Ng6 10. Bg3 e6 11. d6 Ne7 12. Rd1 Ned5 13. Qe5 Nd7 14. Qe2 Nxc3 15. bxc3 g6 16. Be5 Nxe5 17. Qxe5 Rg8 18. Bxc4 Bg7 19. Bb5+ Bd7 20. Bxd7+ Qxd7 21. Qe3 Qc6 22. Ne2 b6 23. O-O O-O-O 24. c4 Kb7 25. Nd4 Bxd4 26. Rxd4 Rd7 27. Qxh6 e5 28. Rd5 Re8 29. Qd2 Re6 30. c5 bxc5 31. Rb1+ Ka8 32. Qb2 Re8 33. Rxe5 Red8 34. Qc3 Rxd6 35. Rf1 c4 36. Re7 f6 37. Qe3 R6d7 38. Rxd7 Qxd7 39. Qf3+ Qd5 40. Rd1 1-0

[Event "Belgrade Invest"]
[Site "Belgrade"]
[Date "1995.??.??"]
[Round "3"]
[White "Ljubojevic, Ljubomir"]
[Black "Adams, Michael"]
[Result "1/2-1/2"]
[WhiteElo "2600"]
[BlackElo "2660"]
[PlyCount "51"]
[EventDate "1995.11.??"]
[Source "ChessBase"]

1. e4 c6 2. d4 d5 3. exd5 cxd5 4. c4 Nf6 5. Nc3 Nc6 6. Bg5 Qa5 7. Bxf6 exf6 8. a3 dxc4 9. Bxc4 Bd6 10. Qe2+ Kf8 11. Qd2 Be6 12. Bxe6 fxe6 13. Nf3 Kf7 14. O-O Rad8 15. d5 Ne5 16. dxe6+ Kxe6 17. Nd4+ Kf7 18. b4 Qc7 19. Ncb5 Qc4 20. Nf5 Qxb5 21. Nxd6+ Ke7 22. Rfd1 Qb6 23. Nf5+ Ke6 24. Nd4+ Ke7 25. Qe3 Rhe8 26. Nf5+ 1/2-1/2

[Event "BL"]
[Site "BL"]
[Date "1996.??.??"]
[Round "?"]
[White "Nunn, John D M"]
[Black "Speelman, Jonathan S"]
[Result "1/2-1/2"]
[WhiteElo "2605"]
[BlackElo "2625"]
[PlyCount "39"]
[EventDate "1996.??.??"]
[Source "www.chesslib.no"]
[SourceDate "2004.05.04"]

1. e4 c6 2. d4 d5 3. exd5 cxd5 4. c4 Nf6 5. Nc3 Nc6 6. Nf3 a6 7. cxd5 Nxd5 8. Bd3 Bg4 9. O-O e6 10. Be4 Be7 11. Qd3 Kf8 12. Re1 Na5 13. Qxa6 Qc7 14. Qc4 Ba3 15. Qc5+ Bxc5 16. b4 Nxc3 17. Rf1 Nc6 18. b5 Ne5 19. Bf4 Ra6 20. h3 1/2-1/2

[Event "Corr"]
[Site "?"]
[Date "1994.??.??"]
[Round "?"]
[White "Pioch Zygmunt"]
[Black "Kauppala Pekka"]
[Result "1-0"]
[WhiteElo "2590"]
[BlackElo "2615"]
[PlyCount "107"]
[EventDate "1994.??.??"]
[Source "www.chesslib.no"]
[SourceDate "2004.05.04"]

1. e4 c6 2. d4 d5 3. exd5 cxd5 4. c4 Nf6 5. Nc3 Nc6 6. Bg5 Qa5 7. a3 dxc4 8. d5 Ne4 9. Bd2 Nxd2 10. Qxd2 Ne5 11. Qd4 Qc7 12. O-O-O Bd7 13. f4 Nd3+ 14. Bxd3 cxd3 15. Nf3 e6 16. Ne5 Bd6 17. Nxd7 Qxd7 18. Qxg7 Bxf4+ 19. Kb1 O-O-O 20. Rhf1 Rhg8 21. Qxh7 Rh8 22. Qxd3 Bxh2 23. Qe3 Kb8 24. Rf6 exd5 25. Rxd5 Qg4 26. Rg5 Qc4 27. Ra5 Qd4 28. Qxd4 Rxd4 29. Rxf7 Rdh4 30. Rd5 R4h7 31. Rxh7 Rxh7 32. g4 Rg7 33. Rd2 Be5 34. Nb5 Rg8 35. Re2 Bf6 36. Re6 Bh4 37. Re4 Rd8 38. Kc2 a6 39. Nd4 Bf6 40. Ne6 Rd5 41. b4 a5 42. Rf4 Be7 43. Rf7 Bh4 44. Rh7 Bf6 45. Nc5 Bd4 46. Rxb7+ Kc8 47. Rb6 axb4 48. Rc6+ Kd8 49. axb4 Bxc5 50. Rxc5 Rd4 51. Kb3 Rxg4 52. Ka4 Rg7 53. Ka5 Rb7 54. b5 1-0

[Event "World Open"]
[Site "Philadelphia, PA USA"]
[Date "1994.??.??"]
[Round "?"]
[White "Rozentalis, Eduardas"]
[Black "Bologan, Viktor"]
[Result "1-0"]
[WhiteElo "2605"]
[BlackElo "2585"]
[PlyCount "78"]
[EventDate "1994.06.??"]
[Source "www.chesslib.no"]
[SourceDate "2004.05.04"]

1. e4 c6 2. d4 d5 3. exd5 cxd5 4. c4 Nf6 5. Nc3 Nc6 6. Nf3 Bg4 7. cxd5 Nxd5 8. Qb3 Bxf3 9. gxf3 e6 10. Qxb7 Nxd4 11. Bb5+ Nxb5 12. Qxb5+ Qd7 13. Qxd7+ Kxd7 14. Nxd5 exd5 15. Be3 Bb4+ 16. Ke2 Rhc8 17. Rac1 a6 18. Kd3 g6 19. Bd4 Ke6 20. h3 Kf5 21. Be3 h5 22. Rhg1 Be7 23. Bd2 Bh4 24. Be3 d4 25. Bd2 f6 26. Rxc8 Rxc8 27. Rg2 Bg5 28. f4 Bxf4 29. Bxf4 Kxf4 30. Rxg6 Rf8 31. Kxd4 Kf3 32. b4 h4 33. a4 Kxf2 34. a5 f5 35. Rxa6 f4 36. Rc6 f3 37. b5 Kg3 38. b6 f2 39. Rc1 Rb8 1-0

[Event "Luzern"]
[Site "?"]
[Date "1993.??.??"]
[Round "?"]
[White "Dolmatov, S."]
[Black "Christiansen, L."]
[Result "1-0"]
[WhiteElo "2630"]
[BlackElo "2555"]
[PlyCount "93"]
[EventDate "1993.??.??"]
[Source "ChessBase"]
[SourceDate "1993.10.01"]

1. e4 c6 2. d4 d5 3. exd5 cxd5 4. c4 Nf6 5. Nc3 Nc6 6. Nf3 Bg4 7. cxd5 Nxd5 8. Qb3 Bxf3 9. gxf3 e6 10. Qxb7 Nxd4 11. Bb5+ Nxb5 12. Qc6+ Ke7 13. Qxb5 Qd7 14. Nxd5+ Qxd5 15. Bg5+ f6 16. Qxd5 exd5 17. Be3 Ke6 18. O-O-O Bb4 19. a3 Rhc8+ 20. Kb1 Ba5 21. b4 Bb6 22. Rhe1 Kd6 23. Rd3 Bxe3 24. fxe3 a5 25. Red1 axb4 26. Rxd5+ Ke6 27. axb4 Ra4 28. R5d4 Rc3 29. Re4+ Kf7 30. Rd7+ Kf8 31. Rd8+ Kf7 32. Rd7+ Kf8 33. Kb2 Raa3 34. Ra7 Rcb3+ 35. Kc2 Rc3+ 36. Kb2 Rcb3+ 37. Kc2 Rc3+ 38. Kd2 Rd3+ 39. Ke2 f5 40. Rxa3 Rxa3 41. Re5 Ra2+ 42. Kd3 Rxh2 43. Rxf5+ Ke7 44. b5 Kd6 45. Rf7 g6 46. b6 Rb2 47. b7 1-0

[Event "New York USA"]
[Site "?"]
[Date "2002.12.10"]
[Round "4"]
[White "Shahade Gregory P"]
[Black "Benjamin Joel"]
[Result "1/2-1/2"]
[WhiteElo "2493"]
[BlackElo "2688"]
[PlyCount "60"]
[EventDate "2002.??.??"]
[Source "www.chesslib.no"]
[SourceDate "2004.05.04"]

1. e4 c6 2. d4 d5 3. exd5 cxd5 4. c4 Nf6 5. Nc3 Nc6 6. Bg5 Be6 7. a3 Qd7 8. b4 Rd8 9. Bxf6 gxf6 10. c5 a6 11. g3 Bg4 12. Be2 h5 13. h3 Bxe2 14. Ngxe2 Qf5 15. h4 e5 16. O-O Bh6 17. b5 axb5 18. Nxb5 Kf8 19. Nd6 Qf3 20. Nxb7 Rb8 21. Rb1 exd4 22. Nxd4 Nxd4 23. Qxd4 Rg8 24. Rfe1 Rg4 25. Qd1 Rxg3+ 26. fxg3 Qxg3+ 27. Kf1 Qh3+ 28. Kg1 Qg3+ 29. Kf1 Qh3+ 30. Kg1 Qg3+ 1/2-1/2

[Event "60th ch-RUS Higher League"]
[Site "Krasnoyarsk RUS"]
[Date "2007.09.14"]
[Round "11"]
[White "Khairullin, I."]
[Black "Galkin, A."]
[Result "1/2-1/2"]
[WhiteElo "2567"]
[BlackElo "2608"]
[PlyCount "46"]
[EventDate "2007.09.03"]
[Source "www.chesslib.no"]
[SourceDate "2004.05.04"]

1. e4 c6 2. d4 d5 3. exd5 cxd5 4. c4 Nf6 5. Nc3 Nc6 6. Nf3 Bg4 7. cxd5 Nxd5 8. Qb3 Bxf3 9. gxf3 e6 10. Qxb7 Nxd4 11. Bb5+ Nxb5 12. Qc6+ Ke7 13. Qxb5 Qd7 14. Nxd5+ Qxd5 15. Bg5+ f6 16. Qxd5 exd5 17. Be3 Kf7 18. O-O-O Rd8 19. Rd3 Rd7 20. Rhd1 Ke6 21. Re1 Kf5 22. Red1 Ke6 23. Re1 Ke5 1/2-1/2

[Event "Calviá ol (Men)"]
[Site "Mallorca"]
[Date "2004.10.27"]
[Round "12.10"]
[White "Kovacevic, Aleksandar"]
[Black "Gyimesi, Zoltan"]
[Result "1/2-1/2"]
[WhiteElo "2556"]
[BlackElo "2613"]
[PlyCount "152"]
[EventDate "2004.10.15"]
[Source "Roberto Alvarez"]
[SourceDate "2004.10.25"]

1. e4 c6 2. d4 d5 3. exd5 cxd5 4. c4 Nf6 5. Nc3 Nc6 6. Nf3 Bg4 7. cxd5 Nxd5 8. Qb3 Bxf3 9. gxf3 e6 10. Qxb7 Nxd4 11. Bb5+ Nxb5 12. Qc6+ Ke7 13. Qxb5 Qd7 14. Nxd5+ Qxd5 15. Qxd5 exd5 16. O-O Ke6 17. Re1+ Kf5 18. Be3 Bb4 19. Red1 Rhd8 20. Rac1 Rd7 21. Rd4 a5 22. a3 Bf8 23. Rcd1 Ke6 24. Ra4 Rb8 25. Re1 Kf5 26. Rf4+ Kg6 27. Rg4+ Kf5 28. Rg5+ Kf6 29. h4 d4 30. Bf4 Bd6 31. Rd5 Bxf4 32. Rxd7 Rxb2 33. Rxd4 Bc7 34. Kf1 h5 35. Rc4 Bb6 36. Re2 Rb1+ 37. Kg2 Kg6 38. Rc8 Bd4 39. Re4 Bb6 40. Rb8 Rb2 41. Re3 a4 42. Kh3 Bxe3 43. Rxb2 Bc5 44. Ra2 Kf5 45. Kg2 Be7 46. Ra1 g6 47. Kf1 Kf4 48. Ke2 Bf8 49. Rb1 Bxa3 50. Ra1 Be7 51. Rxa4+ Kf5 52. Kf1 Bf6 53. Kg2 Be5 54. Ra5 Ke6 55. Ra7 Kf6 56. Rb7 Ke6 57. Rb4 Kf5 58. Re4 Bd6 59. Kf1 Kf6 60. Ke2 Kg7 61. f4 f5 62. Ra4 Be7 63. Ra7 Kf8 64. Ra6 Kf7 65. Ra7 Kf8 66. Rxe7 Kxe7 67. Kd3 Kd7 68. Kc3 Kc7 69. Kc4 Kc6 70. Kd4 Kd6 71. Kc4 Kc6 72. Kd4 Kd6 73. f3 Ke6 74. Kc5 Ke7 75. Kd5 Kd7 76. Ke5 Ke7 1/2-1/2

[Event "Vienna op"]
[Site "Vienna"]
[Date "1996.??.??"]
[Round "7"]
[White "Sveshnikov, Evgeny"]
[Black "Tkachiev, Vladislav"]
[Result "1/2-1/2"]
[WhiteElo "2535"]
[BlackElo "2620"]
[PlyCount "171"]
[EventDate "1996.08.??"]
[Source "ChessBase"]

1. e4 c6 2. d4 d5 3. exd5 cxd5 4. c4 Nf6 5. Nc3 Nc6 6. Bg5 Be6 7. a3 Qd7 8. Be2 O-O-O 9. Bxf6 gxf6 10. c5 Rg8 11. Kf1 Bf5 12. Bb5 e5 13. b4 Bh6 14. Nge2 Be4 15. Ng3 f5 16. dxe5 Bf4 17. f3 Bxe5 18. Rc1 Bxc3 19. Rxc3 f4 20. fxe4 d4 21. Rd3 fxg3 22. hxg3 Qe6 23. Bxc6 Qxc6 24. Rh4 Rxg3 25. Rxg3 Qf6+ 26. Ke1 Qxh4 27. Qg4+ Qxg4 28. Rxg4 d3 29. Kd2 Rd4 30. Rf4 f5 31. Rxf5 Rxe4 32. Rg5 Re2+ 33. Kxd3 Ra2 34. Rg8+ Kc7 35. Rg7+ Kc6 36. Kc4 a6 37. Kb3 Re2 38. a4 h5 39. Rg6+ Kc7 40. b5 axb5 41. axb5 Re4 42. Kc3 h4 43. Rg7+ Kc8 44. Kd3 Re5 45. Kc4 Re4+ 46. Kd5 Re8 47. Rg4 Rh8 48. b6 Kd7 49. Kc4 Kc8 50. Kb5 Kb8 51. Rg7 Kc8 52. Rg5 Kb8 53. Rg6 Kc8 54. Kc4 Kd7 55. Rg4 Kc8 56. Kd5 Kd7 57. Rg7+ Kc8 58. Ke6 Rh6+ 59. Ke7 Rh8 60. Rf7 Rd8 61. Ke6 Rh8 62. Rg7 Rh6+ 63. Ke7 Rh8 64. Rf7 Rd8 65. Kf6 Rg8 66. Re7 Kb8 67. Rh7 Kc8 68. Ke6 Re8+ 69. Kd5 Rg8 70. Rxh4 Rxg2 71. Rh8+ Kd7 72. Rb8 Rd2+ 73. Kc4 Rc2+ 74. Kb4 Kc6 75. Rc8+ Kd5 76. Rd8+ Ke6 77. Rd6+ Ke7 78. Rd3 Rc1 79. Rd4 Rb1+ 80. Kc4 Rc1+ 81. Kb5 Rb1+ 82. Rb4 Rc1 83. c6 Rxc6 84. Rh4 Rf6 85. Rh7+ Rf7 86. Rh5 1/2-1/2

[Event "USA (ch)"]
[Site "?"]
[Date "1992.??.??"]
[Round "?"]
[White "Ivanov, Alexa"]
[Black "Seirawan, Y."]
[Result "1-0"]
[WhiteElo "2545"]
[BlackElo "2605"]
[PlyCount "95"]
[EventDate "1992.??.??"]
[Source "ChessBase"]
[SourceDate "1993.02.01"]

1. e4 c6 2. d4 d5 3. exd5 cxd5 4. c4 Nf6 5. Nc3 Nc6 6. Nf3 Bg4 7. cxd5 Nxd5 8. Qb3 Bxf3 9. gxf3 e6 10. Qxb7 Nxd4 11. Bb5+ Nxb5 12. Qc6+ Ke7 13. Qxb5 Qd7 14. Nxd5+ Qxd5 15. Qxd5 exd5 16. O-O Ke6 17. Re1+ Kf5 18. Be3 Be7 19. Rad1 Rhd8 20. Rd4 g5 21. Red1 Ke6 22. Re1 Kf5 23. Red1 Ke6 24. Re1 Bc5 25. Bxg5+ Kf5 26. Bxd8 Bxd4 27. Rd1 Rxd8 28. Rxd4 Ke5 29. Ra4 d4 30. Kf1 Rd7 31. Ke2 Kf4 32. Kd3 Kxf3 33. Rxd4 Re7 34. Rd5 Kxf2 35. Rh5 f6 36. b4 Kg2 37. a4 f5 38. Rxf5 Kxh2 39. a5 Kg3 40. a6 Kg4 41. Rf8 h5 42. Rb8 Re6 43. b5 Rd6+ 44. Ke4 Re6+ 45. Kd4 Rd6+ 46. Ke5 Rg6 47. b6 Kh3 48. bxa7 1-0

[Event "Mondariz Balneario"]
[Site "?"]
[Date "2000.08.01"]
[Round "7.1"]
[White "Ulibin Mikhail"]
[Black "Gleizerov Evgeni"]
[Result "1/2-1/2"]
[WhiteElo "2583"]
[BlackElo "2557"]
[PlyCount "31"]
[EventDate "2000.??.??"]
[Source "www.chesslib.no"]
[SourceDate "2004.05.04"]

1. e4 c6 2. d4 d5 3. exd5 cxd5 4. c4 Nf6 5. Nc3 Nc6 6. Nf3 Bg4 7. cxd5 Nxd5 8. Qb3 Bxf3 9. gxf3 e6 10. Qxb7 Nxd4 11. Bb5+ Nxb5 12. Qc6+ Ke7 13. Qxb5 Qd7 14. Nxd5+ Qxd5 15. Qxd5 exd5 16. O-O 1/2-1/2

[Event "Amantea Open"]
[Site "Amantea"]
[Date "1995.??.??"]
[Round "4"]
[White "Howell, James C"]
[Black "Hodgson, Julian M"]
[Result "1/2-1/2"]
[WhiteElo "2520"]
[BlackElo "2615"]
[PlyCount "36"]
[EventDate "1995.09.??"]
[Source "www.chesslib.no"]
[SourceDate "2004.05.04"]

1. e4 c6 2. d4 d5 3. exd5 cxd5 4. c4 Nf6 5. Nc3 Nc6 6. Nf3 Bg4 7. cxd5 Nxd5 8. Qb3 Nb6 9. Be3 Bxf3 10. gxf3 e6 11. O-O-O Be7 12. d5 exd5 13. Nxd5 Nxd5 14. Rxd5 Qc7 15. Kb1 O-O 16. f4 Nb4 17. Rd4 Nc6 18. Rd2 Rad8 1/2-1/2

[Event "Moscow ol (Men)"]
[Site "Moscow"]
[Date "1994.??.??"]
[Round "13"]
[White "Rozentalis, Eduardas"]
[Black "Lalic, Bogdan"]
[Result "1/2-1/2"]
[WhiteElo "2595"]
[BlackElo "2530"]
[PlyCount "52"]
[EventDate "1994.11.??"]
[Source "ChessBase"]

1. e4 c6 2. d4 d5 3. exd5 cxd5 4. c4 Nf6 5. Nc3 Nc6 6. Nf3 Bg4 7. cxd5 Nxd5 8. Qb3 Nb6 9. d5 Bxf3 10. gxf3 Nd4 11. Qd1 e5 12. dxe6 fxe6 13. Be3 Bc5 14. b4 Qf6 15. bxc5 Nxf3+ 16. Ke2 O-O 17. cxb6 Rad8 18. Qc2 Nd4+ 19. Bxd4 Qxd4 20. Ne4 Qxa1 21. Bg2 Qe5 22. bxa7 Qb5+ 23. Ke3 Qa6 24. Rb1 Qxa7+ 25. Ke2 Rc8 26. Qb3 Qa6+ 1/2-1/2

[Event "SLO-chT"]
[Site "Ljubljana"]
[Date "1997.??.??"]
[Round "?"]
[White "Sermek, Drazen"]
[Black "Dizdarevic, Emir"]
[Result "1/2-1/2"]
[WhiteElo "2565"]
[BlackElo "2555"]
[PlyCount "22"]
[EventDate "1997.07.??"]
[Source "ChessBase"]
[SourceDate "1998.03.09"]

1. e4 c6 2. d4 d5 3. exd5 cxd5 4. c4 Nf6 5. Nc3 Nc6 6. Nf3 Be6 7. Bg5 g6 8. Bxf6 exf6 9. c5 a6 10. h3 Bg7 11. Be2 g5 1/2-1/2

[Event "RUS-ch"]
[Site "Elista"]
[Date "1996.??.??"]
[Round "2"]
[White "Dolmatov, Sergey"]
[Black "Dyachkov, Sergej"]
[Result "0-1"]
[WhiteElo "2610"]
[BlackElo "2505"]
[PlyCount "132"]
[EventDate "1996.10.15"]
[Source "ChessBase"]

1. e4 c6 2. d4 d5 3. exd5 cxd5 4. c4 Nf6 5. Nc3 Nc6 6. Nf3 Bg4 7. cxd5 Nxd5 8. Qb3 Bxf3 9. gxf3 Nb6 10. d5 Nd4 11. Bb5+ Nd7 12. Qa4 Nxb5 13. Qxb5 g6 14. O-O Bg7 15. Re1 O-O 16. Bg5 Bf6 17. Bxf6 exf6 18. Rad1 Ne5 19. Re3 Qc8 20. d6 Rd8 21. Qd5 Qf5 22. Qe4 Qxe4 23. Nxe4 Kg7 24. f4 Nc4 25. Rc3 Rac8 26. Rd4 f5 27. d7 Rc6 28. Rcxc4 fxe4 29. Rxc6 bxc6 30. Rxe4 Rxd7 31. Ra4 Kf6 32. Kg2 Ke6 33. Kf3 f5 34. b3 c5 35. Ke3 Kd5 36. f3 Kc6 37. Ra6+ Kb5 38. Ra4 a5 39. Rc4 Kc6 40. h4 Rd1 41. Rc2 Rh1 42. Rd2 Rxh4 43. Rd8 Rh2 44. Rc8+ Kd6 45. Rd8+ Kc6 46. Rc8+ Kd6 47. Rd8+ Kc7 48. Rh8 Rxa2 49. Rxh7+ Kc6 50. Rg7 Rb2 51. Rxg6+ Kb5 52. Rf6 Rxb3+ 53. Kd2 a4 54. Kc2 Kb4 55. Rxf5 a3 56. Rf8 Rb2+ 57. Kc1 c4 58. Rb8+ Kc3 59. Ra8 Kb3 60. Rb8+ Kc3 61. Ra8 Kb3 62. Rb8+ Ka2 63. Rc8 Rh2 64. Rb8 c3 65. f5 Rb2 66. Ra8 Kb3 0-1

[Event "Settimana degli scacchi - Open A"]
[Site "Winterthur SVI"]
[Date "2008.10.09"]
[Round "7"]
[White "Howell, David"]
[Black "Berczes, David"]
[Result "1-0"]
[WhiteElo "2593"]
[BlackElo "2514"]
[PlyCount "83"]
[EventDate "2008.10.03"]
[Source "www.chesslib.no"]
[SourceDate "2004.05.04"]

1. e4 c6 2. d4 d5 3. exd5 cxd5 4. c4 Nf6 5. Nc3 Nc6 6. Bg5 Be6 7. Be2 Qa5 8. c5 Ne4 9. Bd2 Nxd2 10. Qxd2 g6 11. Bb5 Bg7 12. h3 O-O 13. Nf3 Qc7 14. Rc1 a6 15. Ba4 b6 16. Bxc6 Qxc6 17. cxb6 Qxb6 18. O-O a5 19. b3 Qb4 20. Qf4 Rac8 21. Na4 Bf5 22. Ne5 Qd6 23. Qe3 f6 24. Nd3 e5 25. Ndc5 h5 26. Qd2 e4 27. Qxa5 Bh6 28. Nb7 Qe6 29. Rxc8 Rxc8 30. Nbc5 Qd6 31. Re1 e3 32. fxe3 Qg3 33. Qd2 Re8 34. Qf2 Bf4 35. Qxg3 Bxg3 36. Re2 g5 37. Nc3 Rd8 38. b4 g4 39. hxg4 hxg4 40. Rf2 Bxf2+ 41. Kxf2 Kf7 42. a4 1-0

[Event "Santa Clara"]
[Site "Santa Clara"]
[Date "1991.??.??"]
[Round "2"]
[White "Pigusov, Evgeny"]
[Black "Ulibin, Mikhail"]
[Result "1/2-1/2"]
[WhiteElo "2540"]
[BlackElo "2565"]
[PlyCount "37"]
[EventDate "1991.02.??"]
[Source "ChessBase"]

1. e4 c6 2. d4 d5 3. exd5 cxd5 4. c4 Nf6 5. Nc3 Nc6 6. Nf3 Bg4 7. cxd5 Nxd5 8. Qb3 Bxf3 9. gxf3 e6 10. Qxb7 Nxd4 11. Bb5+ Nxb5 12. Qc6+ Ke7 13. Qxb5 Qd7 14. Nxd5+ Qxd5 15. Qxd5 exd5 16. O-O Ke6 17. Re1+ Kf5 18. Rd1 Ke5 19. Re1+ 1/2-1/2

[Event "Bern zt"]
[Site "Bern"]
[Date "1990.??.??"]
[Round "3"]
[White "Kindermann, Stefan"]
[Black "Lobron, Eric"]
[Result "1/2-1/2"]
[WhiteElo "2560"]
[BlackElo "2545"]
[PlyCount "101"]
[EventDate "1990.01.??"]
[Source "ChessBase"]

1. e4 c6 2. d4 d5 3. exd5 cxd5 4. c4 Nf6 5. Nc3 Nc6 6. Nf3 Bg4 7. cxd5 Nxd5 8. Qb3 Bxf3 9. gxf3 e6 10. Qxb7 Nxd4 11. Bb5+ Nxb5 12. Qc6+ Ke7 13. Qxb5 Qd7 14. Nxd5+ Qxd5 15. Qxd5 exd5 16. Bf4 Kf6 17. O-O-O Rd8 18. Rhg1 Rd7 19. Be3 Rg8 20. Rg4 Ke6 21. Re1 h5 22. Ra4 Kf5 23. Rxa7 Rxa7 24. Bxa7 Bd6 25. Be3 Be5 26. h3 Rb8 27. b3 d4 28. Bd2 Bf4 29. Re7 f6 30. Rxg7 Rc8+ 31. Kd1 Bxd2 32. Kxd2 Rc3 33. Rd7 Ke5 34. Re7+ Kd5 35. Rh7 Rxf3 36. Rxh5+ f5 37. Ke2 Ke4 38. Rh8 d3+ 39. Kf1 Kd4 40. Rc8 Rxh3 41. Rc4+ Kd5 42. Ke1 Rf3 43. Ra4 f4 44. Kd2 Rxf2+ 45. Kxd3 Rf3+ 46. Ke2 Re3+ 47. Kd1 f3 48. Rf4 Ke5 49. Rf8 Kd4 50. Rf7 Re2 51. Rxf3 1/2-1/2

[Event "Altensteig"]
[Site "?"]
[Date "1995.??.??"]
[Round "?"]
[White "Grosar, A."]
[Black "Dautov, R."]
[Result "1/2-1/2"]
[WhiteElo "2485"]
[BlackElo "2620"]
[PlyCount "51"]
[EventDate "1995.??.??"]
[Source "ChessBase"]
[SourceDate "1995.06.01"]

1. e4 c6 2. d4 d5 3. exd5 cxd5 4. c4 Nf6 5. Nc3 Nc6 6. Nf3 e6 7. c5 Ne4 8. Bd3 Nxc3 9. bxc3 Be7 10. O-O b6 11. cxb6 axb6 12. Bb5 Bd7 13. c4 dxc4 14. Bxc4 Na5 15. Be2 O-O 16. d5 exd5 17. Qxd5 Be6 18. Qxd8 Rfxd8 19. Be3 Bc5 20. Bxc5 bxc5 21. Rac1 Nb7 22. Ne5 Rxa2 23. Bf3 Bd5 24. Nc6 Bxc6 25. Bxc6 Na5 26. Rxc5 1/2-1/2

[Event "Akureyri"]
[Site "Akureyri"]
[Date "1988.??.??"]
[Round "?"]
[White "Dolmatov, Sergey"]
[Black "Adorjan, Andras"]
[Result "1/2-1/2"]
[WhiteElo "2565"]
[BlackElo "2540"]
[PlyCount "34"]
[EventDate "1988.03.??"]
[Source "ChessBase"]

1. e4 c6 2. d4 d5 3. exd5 cxd5 4. c4 Nf6 5. Nc3 Nc6 6. Nf3 Bg4 7. cxd5 Nxd5 8. Qb3 Bxf3 9. gxf3 e6 10. Qxb7 Nxd4 11. Bb5+ Nxb5 12. Qc6+ Ke7 13. Qxb5 Qd7 14. Nxd5+ Qxd5 15. Qxd5 exd5 16. O-O Ke6 17. Re1+ Kf5 1/2-1/2

[Event "ch-LTU"]
[Site "Vilnius"]
[Date "2004.04.27"]
[Round "7"]
[White "Sulskis, Sarunas"]
[Black "Malisauskas, Vidmantas"]
[Result "1/2-1/2"]
[WhiteElo "2570"]
[BlackElo "2525"]
[PlyCount "60"]
[EventDate "2004.04.23"]
[Source "Roberto Alvarez"]
[SourceDate "2004.05.03"]

1. e4 c6 2. d4 d5 3. exd5 cxd5 4. c4 Nf6 5. Nc3 Nc6 6. Nf3 Bg4 7. cxd5 Nxd5 8. Qb3 Bxf3 9. gxf3 e6 10. Qxb7 Nxd4 11. Bb5+ Nxb5 12. Qc6+ Ke7 13. Qxb5 Qd7 14. Nxd5+ Qxd5 15. Qxd5 exd5 16. Bf4 Ke6 17. O-O-O Bb4 18. a3 Rac8+ 19. Kb1 Ba5 20. b4 Bb6 21. Rhe1+ Kf5 22. Bg3 d4 23. a4 Rc4 24. Re5+ Kf6 25. Rb5 Re8 26. Rd2 d3 27. Rxd3 Re2 28. Rd6+ Ke7 29. a5 Bd4 30. Rb7+ Ke8 1/2-1/2

[Event "I Memorial Gedeon Barcza"]
[Site "Budapest UNG"]
[Date "2008.10.27"]
[Round "1"]
[White "Szabo, Krisz1"]
[Black "Ruck, R1."]
[Result "1-0"]
[WhiteElo "2520"]
[BlackElo "2574"]
[PlyCount "113"]
[EventDate "2008.10.27"]
[Source "www.chesslib.no"]
[SourceDate "2004.05.04"]

1. e4 c6 2. d4 d5 3. exd5 cxd5 4. c4 Nf6 5. Nc3 Nc6 6. Nf3 Be6 7. c5 g6 8. Bb5 Bg7 9. Ne5 Qc8 10. Qa4 Bd7 11. Nxd7 Qxd7 12. O-O O-O 13. Bf4 a6 14. Be2 Qf5 15. Be3 Rad8 16. Rad1 Ng4 17. Bc1 Nh6 18. Bf3 e6 19. Be3 Qf6 20. Rd3 Nf5 21. Rfd1 Rd7 22. Bg4 Nxe3 23. fxe3 Qd8 24. b4 f5 25. Bf3 g5 26. b5 axb5 27. Nxb5 g4 28. Be2 Qg5 29. g3 e5 30. dxe5 Nxe5 31. Rb3 Qe7 32. Nd6 Kh8 33. Rxd5 Ng6 34. Nxf5 Rxd5 35. Nxe7 Nxe7 36. Qe4 Rxc5 37. Rxb7 Re5 38. Qxe5 Bxe5 39. Rxe7 Bf6 40. Re6 h5 41. a4 Bc3 42. Rh6+ Kg7 43. Rxh5 Re8 44. Kf2 Rf8+ 45. Kg2 Re8 46. Bxg4 Rxe3 47. Bf3 Be1 48. Rh4 Ra3 49. Re4 Ra1 50. Be2 Kf6 51. Bb5 Kf5 52. Bd3 Kf6 53. h4 Rd1 54. Bb5 Ra1 55. Kh3 Kf5 56. Bd3 Kf6 57. g4 1-0

[Event "LXVIII Camp. georgiano"]
[Site "Tbilisi GEO"]
[Date "2009.01.19"]
[Round "3"]
[White "Shanava, K."]
[Black "Pantsulaia, L."]
[Result "1/2-1/2"]
[WhiteElo "2508"]
[BlackElo "2583"]
[PlyCount "30"]
[EventDate "2009.01.17"]
[Source "www.chesslib.no"]
[SourceDate "2004.05.04"]

1. e4 c6 2. d4 d5 3. exd5 cxd5 4. c4 Nf6 5. Nc3 Nc6 6. Nf3 Be6 7. Bg5 Ne4 8. Nxe4 dxe4 9. d5 exf3 10. dxe6 Qa5+ 11. Qd2 Qe5+ 12. Qe3 Qa5+ 13. Qd2 Qe5+ 14. Qe3 Qa5+ 15. Qd2 Qe5+ 1/2-1/2

[Event "XI Festival"]
[Site "Voronezh RUS"]
[Date "2007.06.14"]
[Round "3"]
[White "Gabrielian, A."]
[Black "Burmakin, V."]
[Result "0-1"]
[WhiteElo "2496"]
[BlackElo "2593"]
[PlyCount "62"]
[EventDate "2007.06.12"]
[Source "www.chesslib.no"]
[SourceDate "2004.05.04"]

1. e4 c6 2. d4 d5 3. exd5 cxd5 4. c4 Nf6 5. c5 g6 6. Nc3 Bg7 7. Bb5+ Nc6 8. Nge2 O-O 9. O-O Ne8 10. Be3 Nc7 11. Bxc6 bxc6 12. Qd2 Re8 13. Rfe1 Ba6 14. Rad1 Rb8 15. b3 Qd7 16. Bh6 Bh8 17. Bf4 f6 18. Bg3 e5 19. dxe5 fxe5 20. Ne4 Bxe2 21. Rxe2 Nb5 22. Ree1 Qe6 23. Nc3 Nxc3 24. Qxc3 Rb7 25. f3 g5 26. Qd2 Bf6 27. b4 g4 28. Bxe5 Bxe5 29. f4 Qh6 30. a3 Bxf4 31. Rxe8+ Kf7 0-1

[Event "Kusadasi TUR"]
[Site "?"]
[Date "2006.04.04"]
[Round "1"]
[White "Shanava Konstantine"]
[Black "Kacheishvili Giorgi"]
[Result "0-1"]
[WhiteElo "2490"]
[BlackElo "2599"]
[PlyCount "56"]
[EventDate "2006.??.??"]
[Source "www.chesslib.no"]
[SourceDate "2004.05.04"]

1. e4 c6 2. d4 d5 3. exd5 cxd5 4. c4 Nf6 5. Nc3 Nc6 6. Nf3 Be6 7. Bg5 Ne4 8. Nxe4 dxe4 9. d5 exf3 10. dxe6 Qa5+ 11. Qd2 Qe5+ 12. Qe3 Qxb2 13. exf7+ Kxf7 14. Rd1 Qb4+ 15. Rd2 Rd8 16. Qxf3+ Ke8 17. Qb3 Qa5 18. Be3 e5 19. c5 Bxc5 20. Qe6+ Ne7 21. Ke2 Bxe3 22. Rxd8+ Kxd8 23. fxe3 Qc5 24. Qb3 Kc7 25. g3 Nd5 26. Bg2 Nc3+ 27. Kd2 Rd8+ 28. Kc2 Ne4+ 0-1